[Event "Stuttgart-chA int"]
[Site "Ditzingen"]
[Date "2010.05.14"]
[Round "3"]
[White "Goebel, Constantin"]
[Black "Baerner, Helmut"]
[Result "1/2-1/2"]
[WhiteElo "2011"]
[BlackElo "2126"]
[PlyCount "99"]
[EventDate "2010.05.13"]
[EventType "swiss"]
[EventRounds "7"]
[EventCountry "GER"]
[SourceTitle "EXT 2018"]
[Source "ChessBase"]
[SourceDate "2017.10.13"]
[SourceVersion "1"]
[SourceVersionDate "2017.10.13"]
[SourceQuality "1"]

1. e4 d5 2. exd5 Nf6 3. Nf3 Nxd5 4. d4 Bg4 5. Be2 e6 6. 0-0 Bd6 7. Ne5 Bxe2 8. Qxe2 0-0 9. c4 Ne7 10. Nc3 Nbc6 11. Nf3 Nf5 12. Rd1 Qf6 13. Ne4 Qg6 14. a3 a5 15. Nxd6 Nxd6 16. Bf4 Rac8 17. Bxd6 cxd6 18. d5 exd5 19. cxd5 Rfe8 20. Qb5 Ne5 21. Nxe5 Rxe5 22. Qxa5 h5 23. Re1 Rg5 24. g3 h4 25. Re3 Qf5 26. Rae1 Rc2 27. R3e2 Rxe2 28. Rxe2 h3 29. Qc3 Qxd5 30. Qc8+ Kh7 31. Qxh3+ Rh5 32. Qg4 g6 33. Qe4 b5 34. Kg2 Kg7 35. f4 Qd1 36. Qe3 Rd5 37. Qc3+ Rd4 38. Kf2 Qd3 39. Qxd3 Rxd3 40. Rc2 Kf6 41. Ke2 Rb3 42. Rd2 Ke6 43. Kd1 Kd7 44. Kc2 Re3 45. b3 Kc6 46. f5 Rf3 47. fxg6 fxg6 48. Rd3 Rf2+ 49. Rd2 Rf3 50. Rd3 1/2-1/2

[Event "Stuttgart-ch"]
[Site "Stuttgart"]
[Date "2010.05.13"]
[Round "2"]
[White "Baerner, Helmut"]
[Black "Gutman, Lev"]
[Result "0-1"]
[WhiteElo "2126"]
[BlackElo "2427"]
[PlyCount "82"]
[EventDate "2010.05.13"]
[EventType "swiss"]
[EventRounds "7"]
[EventCountry "GER"]
[SourceTitle "CBM 136 Extra"]
[Source "ChessBase"]
[SourceDate "2010.07.02"]
[SourceVersion "2"]
[SourceVersionDate "2010.07.15"]
[SourceQuality "1"]

1. d4 Nf6 2. Nf3 g6 3. Bf4 Bg7 4. Nc3 0-0 5. Qd2 c5 6. dxc5 Na6 7. Bh6 Nxc5 8. Bxg7 Kxg7 9. e3 d6 10. Be2 Qb6 11. Rb1 Be6 12. 0-0 Nce4 13. Qd4 Qxd4 14. exd4 Nxc3 15. bxc3 b6 16. c4 Rac8 17. d5 Bg4 18. Bd3 Bxf3 19. gxf3 Nd7 20. f4 e5 21. f5 Nf6 22. fxg6 hxg6 23. f3 Rc5 24. Rb3 Ra5 25. Ra1 Nd7 26. Rb5 Ra4 27. a3 Nc5 28. Rb4 f5 29. Rxa4 Nxa4 30. Rb1 e4 31. fxe4 fxe4 32. Bf1 Kf6 33. Rb3 Ke5 34. Rh3 Kd4 35. Rh7 a5 36. Re7 Nc5 37. Rc7 Rf6 38. Rc6 Nd7 39. a4 e3 40. h3 Kc3 41. c5 bxc5 0-1

[Event "Oberliga Sued W 0405"]
[Site "Germany"]
[Date "2005.01.30"]
[Round "6.7"]
[White "Wolf, Ulrich1111"]
[Black "Baerner, Helmut"]
[Result "0-1"]
[WhiteElo "1853"]
[BlackElo "2102"]
[PlyCount "76"]
[EventDate "2004.10.03"]
[EventType "team-tourn"]
[EventRounds "9"]
[EventCountry "GER"]
[SourceTitle "EXT 2009"]
[Source "ChessBase"]
[SourceDate "2008.11.26"]
[SourceVersion "1"]
[SourceVersionDate "2008.11.26"]
[SourceQuality "1"]
[WhiteTeam "Schwarzenbach"]
[BlackTeam "Landau"]
[WhiteTeamCountry "GER"]
[BlackTeamCountry "GER"]

1. e4 g6 2. Nf3 Bg7 3. d4 c5 4. dxc5 Qa5+ 5. c3 Qxc5 6. Be3 Qc7 7. Bd3 d6 8. Bd4 e5 9. Be3 Nf6 10. c4 Ng4 11. Bc1 f5 12. Nc3 0-0 13. Nd5 Qd7 14. Bg5 Nc6 15. h3 Nf6 16. Nxf6+ Bxf6 17. Bxf6 Rxf6 18. Qd2 Qe7 19. 0-0 f4 20. Be2 g5 21. Nh2 Nd4 22. Bg4 h5 23. Bxh5 Qh7 24. Bf3 Nxf3+ 25. Nxf3 g4 26. Qd5+ Kh8 27. hxg4 Bxg4 28. Ng5 Qh5 29. f3 Bc8 30. Nh3 Bxh3 31. gxh3 Rg8+ 32. Kf2 Qh4+ 33. Ke2 Rg2+ 34. Kd3 Qg3 35. Qxb7 Qh2 36. Qb8+ Kh7 37. Qxa7+ Kh6 38. Rab1 Rc2 0-1

[Event "Oberliga Sued W 0405"]
[Site "Germany"]
[Date "2004.11.14"]
[Round "2.7"]
[White "Baerner, Helmut"]
[Black "Herbold, Manfred"]
[Result "1-0"]
[WhiteElo "2102"]
[BlackElo "2098"]
[PlyCount "113"]
[EventDate "2004.10.03"]
[EventType "team-tourn"]
[EventRounds "9"]
[EventCountry "GER"]
[SourceTitle "EXT 2009"]
[Source "ChessBase"]
[SourceDate "2008.11.26"]
[SourceVersion "1"]
[SourceVersionDate "2008.11.26"]
[SourceQuality "1"]
[WhiteTeam "Landau"]
[BlackTeam "Ludwigshafen"]
[WhiteTeamCountry "GER"]
[BlackTeamCountry "GER"]

1. d4 e6 2. f4 f5 3. Nf3 Nf6 4. e3 b6 5. Be2 Bb7 6. 0-0 Be7 7. Bd2 0-0 8. Be1 Ne4 9. Nbd2 Bf6 10. Nxe4 Bxe4 11. Nd2 Bb7 12. Bf3 Bxf3 13. Rxf3 c5 14. c3 Nc6 15. Rh3 g6 16. Nf3 Ne7 17. Bh4 Nd5 18. Bxf6 Nxf6 19. Ng5 Kg7 20. dxc5 h6 21. Qd4 bxc5 22. Qe5 Qb8 23. Qxc5 hxg5 24. fxg5 Ng4 25. Qd4+ Ne5 26. Rf1 Qc7 27. Rf4 Rh8 28. Rfh4 d6 29. Rh6 Rxh6 30. Rxh6 Rh8 31. Rxh8 Kxh8 32. b4 Qb6 33. a4 Kg8 34. Qxb6 axb6 35. a5 bxa5 36. bxa5 Nc6 37. a6 d5 38. Kf2 Kf7 39. h4 e5 40. g4 fxg4 41. Kg3 Ke6 42. Kxg4 Kd6 43. h5 gxh5+ 44. Kxh5 Kc7 45. g6 Kb6 46. g7 Ne7 47. Kg5 d4 48. cxd4 exd4 49. exd4 Kxa6 50. d5 Kb7 51. d6 Ng8 52. Kg6 Kc6 53. Kf7 Nh6+ 54. Ke6 Ng8 55. d7 Kc7 56. Kf7 Nh6+ 57. Ke8 1-0

[Event "Oberliga Sued W 0304"]
[Site "Germany"]
[Date "2004.01.18"]
[Round "5.7"]
[White "Kolbus, Dietmar"]
[Black "Baerner, Helmut"]
[Result "1-0"]
[WhiteElo "2315"]
[BlackElo "2126"]
[PlyCount "137"]
[EventDate "2003.10.12"]
[EventType "team"]
[EventRounds "9"]
[EventCountry "GER"]
[SourceTitle "EXT 2006"]
[Source "ChessBase"]
[SourceDate "2005.11.24"]
[SourceVersion "1"]
[SourceVersionDate "2005.11.24"]
[SourceQuality "1"]
[WhiteTeam "Trier"]
[BlackTeam "Landau"]
[WhiteTeamCountry "GER"]
[BlackTeamCountry "GER"]

1. c4 c6 2. Nf3 Nf6 3. g3 d5 4. b3 g6 5. Bb2 Bg7 6. Bg2 Bg4 7. d3 Bxf3 8. Bxf3 0-0 9. 0-0 Nbd7 10. Nc3 d4 11. Nb1 e5 12. Nd2 a5 13. Qc2 Re8 14. a3 Qb6 15. Rab1 c5 16. Bc1 Ra7 17. Rb2 Qd6 18. Qb1 Rb8 19. b4 axb4 20. axb4 cxb4 21. Rxb4 b6 22. Rb5 Ra5 23. Ne4 Nxe4 24. Bxe4 Bf8 25. Bd2 Rxb5 26. Qxb5 Nf6 27. Bf3 Qc5 28. Ra1 Qxb5 29. cxb5 Bc5 30. Ra7 Kg7 31. Bc6 h6 32. f4 Bd6 33. fxe5 Bxe5 34. Bb4 Ne8 35. Rd7 Nc7 36. Kf2 Ne6 37. Bd5 Kg8 38. Bxe6 fxe6 39. Bd6 Bxd6 40. Rxd6 Kf7 41. Rxd4 Ke7 42. Ke3 Rf8 43. Rh4 Rf5 44. Rxh6 Kf7 45. Rh7+ Kf6 46. g4 Rxb5 47. h4 Rb4 48. Kf3 e5 49. g5+ Ke6 50. e4 Rb3 51. Ke3 Rb1 52. Rg7 Rh1 53. Rxg6+ Kf7 54. Rf6+ Ke7 55. Rxb6 Rxh4 56. Rb7+ Ke6 57. Kd2 Rg4 58. g6 Kf6 59. g7 Ke6 60. Kc3 Rg1 61. Kc4 Rc1+ 62. Kb5 Rb1+ 63. Kc6 Rc1+ 64. Kb6 Rb1+ 65. Ka7 Rg1 66. Kb8 Kd6 67. Kc8 Rc1+ 68. Kd8 Ra1 69. Rd7+ 1-0

[Event "Wattens op 14th"]
[Site "Wattens"]
[Date "1999.??.??"]
[Round "3"]
[White "Kostic, Vladimir G"]
[Black "Baerner, Helmut"]
[Result "1-0"]
[WhiteElo "2400"]
[BlackElo "2150"]
[PlyCount "87"]
[EventDate "1999.??.??"]
[EventType "swiss"]
[EventRounds "9"]
[EventCountry "AUT"]
[SourceTitle "EXT 2001"]
[Source "ChessBase"]
[SourceDate "2000.11.22"]
[SourceVersion "1"]
[SourceVersionDate "2000.11.22"]
[SourceQuality "1"]

1. d4 d5 2. c4 c6 3. e3 e6 4. Nc3 f5 5. f4 Nf6 6. Nf3 Be7 7. Bd3 0-0 8. 0-0 Ne4 9. Qc2 Nd7 10. a4 a5 11. b3 Nxc3 12. Qxc3 Bb4 13. Qc2 b6 14. Kh1 Bb7 15. g4 g6 16. cxd5 cxd5 17. Rg1 Qc8 18. Qe2 Ba6 19. gxf5 exf5 20. Bd2 Bxd3 21. Qxd3 Bxd2 22. Qxd2 Qe8 23. Ne5 Rc8 24. Rac1 Qe6 25. Qg2 Rfd8 26. Qg5 Kg7 27. Rcf1 Nxe5 28. fxe5 Rf8 29. Rf3 Rf7 30. h4 f4 31. exf4 Qf5 32. Qxf5 Rxf5 33. Kh2 Kf7 34. Kg3 Rc2 35. Rb1 Rd2 36. b4 Rxd4 37. bxa5 bxa5 38. Rb7+ Ke6 39. Rxh7 Rxa4 40. Rg7 Rf7 41. Rxg6+ Kf5 42. Rg5+ Ke4 43. e6 Rb7 44. Re5+ 1-0

[Event "Jacques Lemans op 17th"]
[Site "St Veit"]
[Date "1998.07.14"]
[Round "4"]
[White "Neubauer, Anton"]
[Black "Baerner, Helmut"]
[Result "1/2-1/2"]
[WhiteElo "2015"]
[BlackElo "2165"]
[PlyCount "41"]
[EventDate "1998.07.11"]
[EventType "swiss"]
[EventRounds "9"]
[EventCountry "AUT"]
[SourceTitle "CBM 065 Extra"]
[Source "ChessBase"]
[SourceDate "1998.09.09"]
[SourceVersion "1"]
[SourceVersionDate "1998.09.09"]
[SourceQuality "1"]

1. e4 d5 2. exd5 Qxd5 3. Nc3 Qa5 4. d4 Nf6 5. Nf3 c6 6. Be2 Bf5 7. 0-0 e6 8. Nh4 Nbd7 9. Nxf5 Qxf5 10. Bd3 Qa5 11. Ne4 Be7 12. c3 0-0 13. f4 c5 14. dxc5 Nxe4 15. Bxe4 Qxc5+ 16. Kh1 Qc7 17. Qf3 Nc5 18. Bc2 g6 19. Be3 Bf6 20. Rad1 Rad8 21. Rxd8 1/2-1/2

[Event "Bled op-B"]
[Site "Bled"]
[Date "1998.??.??"]
[Round "7"]
[White "Baerner, Helmut"]
[Black "Armanda, Ivica"]
[Result "0-1"]
[WhiteElo "2165"]
[BlackElo "2270"]
[PlyCount "80"]
[EventDate "1998.03.21"]
[EventType "swiss"]
[EventRounds "9"]
[EventCountry "SLO"]
[SourceTitle "EXT 1999"]
[Source "ChessBase"]
[SourceDate "1998.11.16"]
[SourceVersion "1"]
[SourceVersionDate "1998.11.16"]
[SourceQuality "1"]

1. d4 Nf6 2. Nf3 g6 3. g3 Bg7 4. Bg2 0-0 5. 0-0 d6 6. b3 e5 7. dxe5 Ng4 8. Bb2 Nc6 9. Nbd2 Ngxe5 10. Nxe5 Nxe5 11. Nc4 Nxc4 12. Bxg7 Kxg7 13. bxc4 Qf6 14. Rb1 Rb8 15. e3 Be6 16. Bd5 Bh3 17. Re1 c6 18. Bh1 Rfe8 19. Qd4 Qxd4 20. exd4 Bf5 21. Rxe8 Rxe8 22. Bf3 Re7 23. Rc1 h5 24. h4 Kf6 25. a3 Be6 26. Be2 Bf5 27. Bd3 c5 28. Bxf5 Kxf5 29. c3 Re2 30. Rd1 Ke6 31. dxc5 dxc5 32. Rd8 Ra2 33. Re8+ Kf6 34. Ra8 Rxa3 35. Kf1 Ra2 36. Ke1 b6 37. f3 Kf5 38. Rf8 Kf6 39. g4 Ra4 40. gxh5 gxh5 0-1

[Event "Wattens op 13th"]
[Site "Wattens"]
[Date "1998.??.??"]
[Round "9"]
[White "Baerner, Helmut"]
[Black "Preindl, Florian"]
[Result "1-0"]
[WhiteElo "2160"]
[BlackElo "1835"]
[PlyCount "78"]
[EventDate "1998.??.??"]
[EventType "swiss"]
[EventRounds "9"]
[EventCountry "AUT"]
[SourceTitle "EXT 2000"]
[Source "ChessBase"]
[SourceDate "1999.11.16"]
[SourceVersion "1"]
[SourceVersionDate "1999.11.16"]
[SourceQuality "1"]

1. c4 c6 2. Nf3 Nf6 3. e3 g6 4. b3 Bg7 5. Bb2 0-0 6. Be2 d5 7. 0-0 Bg4 8. d4 Nbd7 9. Nc3 e6 10. h3 Bxf3 11. Bxf3 Qe7 12. a4 Rfd8 13. Ba3 Qe8 14. cxd5 Nxd5 15. Nxd5 exd5 16. b4 Nb6 17. Be2 Qe6 18. b5 Rac8 19. Bc5 cxb5 20. axb5 Ra8 21. Qb3 Nd7 22. Ra2 b6 23. Bb4 Rdc8 24. Rfa1 Rc7 25. Rc2 Rxc2 26. Qxc2 Nf6 27. Qc7 Rc8 28. Qb7 h5 29. Bf3 Ne4 30. Bxe4 dxe4 31. Rxa7 Rc1+ 32. Kh2 Qf5 33. Qb8+ Rc8 34. Qb7 Rc2 35. Bd6 Qxf2 36. Qxe4 Rc1 37. Qf3 Qg1+ 38. Kg3 h4+ 39. Kxh4 Rf1 1-0

[Event "Bled op-B"]
[Site "Bled"]
[Date "1998.??.??"]
[Round "6"]
[White "Baerner, Helmut"]
[Black "Sebenik, Matej"]
[Result "1-0"]
[WhiteElo "2165"]
[BlackElo "2150"]
[PlyCount "107"]
[EventDate "1998.03.21"]
[EventType "swiss"]
[EventRounds "9"]
[EventCountry "SLO"]
[SourceTitle "EXT 1999"]
[Source "ChessBase"]
[SourceDate "1998.11.16"]
[SourceVersion "1"]
[SourceVersionDate "1998.11.16"]
[SourceQuality "1"]

1. c4 g6 2. g3 Nf6 3. b3 Bg7 4. Bb2 c6 5. Bg2 d5 6. Nf3 0-0 7. 0-0 Ne4 8. Bxg7 Kxg7 9. Qc2 f6 10. d3 Nd6 11. cxd5 cxd5 12. Nc3 Nf7 13. Rac1 Nc6 14. d4 Bf5 15. Qd2 Qd7 16. Rfe1 Rad8 17. Nh4 Be6 18. Nf3 Bh3 19. Bh1 h5 20. e4 dxe4 21. Nxe4 b6 22. d5 Nce5 23. Nxe5 Nxe5 24. f4 Ng4 25. Nf2 Nxf2 26. Qxf2 Rc8 27. Qe3 Kf7 28. Rc6 Rxc6 29. dxc6 Qd6 30. Bf3 Rd8 31. Rd1 Qc5 32. Qxc5 Rxd1+ 33. Bxd1 bxc5 34. Bf3 Bc8 35. Kf2 Ke6 36. Be4 f5 37. Bf3 Kd6 38. Ke3 e5 39. fxe5+ Kxe5 40. h4 Be6 41. Be2 Kd6 42. Bb5 Bd5 43. Kf4 Be4 44. c7 Kxc7 45. Bc4 Bb1 46. a3 a5 47. Bf7 Bc2 48. Bxg6 Bxb3 49. Bxh5 Kb6 50. Ke5 Kb5 51. Be8+ Kc4 52. h5 Bc2 53. Kf4 Kb3 54. h6 1-0

[Event "Wattens op 13th"]
[Site "Wattens"]
[Date "1998.??.??"]
[Round "3"]
[White "Knoll, Hermann"]
[Black "Baerner, Helmut"]
[Result "1-0"]
[WhiteElo "2325"]
[BlackElo "2160"]
[PlyCount "147"]
[EventDate "1998.??.??"]
[EventType "swiss"]
[EventRounds "9"]
[EventCountry "AUT"]
[SourceTitle "EXT 2000"]
[Source "ChessBase"]
[SourceDate "1999.11.16"]
[SourceVersion "1"]
[SourceVersionDate "1999.11.16"]
[SourceQuality "1"]

1. d4 d5 2. Nf3 Nf6 3. c4 c6 4. e3 g6 5. Nc3 Bg7 6. Bd3 0-0 7. 0-0 dxc4 8. Bxc4 Nbd7 9. e4 b5 10. Bd3 b4 11. Na4 Nb6 12. h3 Nfd7 13. Bg5 a5 14. a3 Ba6 15. Bxa6 Rxa6 16. Qe2 Ra8 17. axb4 axb4 18. Nxb6 Qxb6 19. e5 e6 20. Qe4 Ra6 21. Rxa6 Qxa6 22. Be7 Rb8 23. Bd6 Rc8 24. Bxb4 c5 25. dxc5 Nxc5 26. Bxc5 Rxc5 27. Rd1 Rc8 28. Qh4 h6 29. Qf4 Qb5 30. Rd2 Qc5 31. b4 Qc7 32. b5 Rb8 33. Rb2 Qc5 34. Qb4 Qxb4 35. Rxb4 Kf8 36. Nd4 Rb7 37. Nc6 Ke8 38. b6 Kd7 39. Na5 Rb8 40. f4 Bf8 41. Rb5 Rxb6 42. Rxb6 Bc5+ 43. Kh2 Bxb6 44. Nc4 Bd4 45. Kg3 f6 46. exf6 Bxf6 47. Kf3 Kc6 48. Ke4 Kc7 49. Ne5 g5 50. Nf7 gxf4 51. Nxh6 Bb2 52. Ng4 Kd6 53. Kxf4 Kd5 54. Nf2 Bc1+ 55. Kf3 Bb2 56. g4 Bg7 57. h4 Ke5 58. Nd3+ Kd4 59. Nf4 Ke5 60. Nh5 Bf8 61. g5 Kf5 62. Ng3+ Kg6 63. Kg4 Ba3 64. h5+ Kg7 65. Ne2 Bb2 66. h6+ Kg6 67. Nf4+ Kf7 68. g6+ Kf6 69. g7 Kf7 70. Nxe6 Kg8 71. Kh5 Kh7 72. Ng5+ Kg8 73. Kg6 Bxg7 74. h7+ 1-0

[Event "Wattens op 13th"]
[Site "Wattens"]
[Date "1998.??.??"]
[Round "1"]
[White "Zechner, Thomas"]
[Black "Baerner, Helmut"]
[Result "0-1"]
[WhiteElo "1645"]
[BlackElo "2160"]
[PlyCount "80"]
[EventDate "1998.??.??"]
[EventType "swiss"]
[EventRounds "9"]
[EventCountry "AUT"]
[SourceTitle "EXT 2000"]
[Source "ChessBase"]
[SourceDate "1999.11.16"]
[SourceVersion "1"]
[SourceVersionDate "1999.11.16"]
[SourceQuality "1"]

1. Nf3 Nf6 2. d4 g6 3. g3 Bg7 4. Bg2 0-0 5. 0-0 c6 6. c4 d6 7. Nc3 Bg4 8. Qb3 Qc7 9. Bg5 Nbd7 10. Rfd1 e5 11. dxe5 dxe5 12. Bxf6 Bxf6 13. Ne4 Be7 14. Rac1 Bf5 15. Qe3 Nf6 16. Nxf6+ Bxf6 17. Ng5 Qb6 18. Ne4 Be7 19. Qc3 Qc7 20. c5 Rad8 21. e3 Bg4 22. f3 Be6 23. a3 f5 24. Nf2 Bf6 25. e4 Rd4 26. Rxd4 exd4 27. Qd3 f4 28. g4 Qe5 29. b4 h5 30. h3 Kg7 31. Bf1 Rh8 32. Kg2 hxg4 33. fxg4 g5 34. Be2 Be7 35. Bf3 a5 36. Nd1 Ra8 37. b5 Bxc5 38. bxc6 bxc6 39. Qc2 Bxa3 40. Ra1 Qc5 0-1